| 000 | 00949nam a22002175a 4500 | ||
|---|---|---|---|
| 999 |
_c7126 _d7126 |
||
| 003 | EG-ScBUE | ||
| 005 | 20190218104734.0 | ||
| 008 | 100808s1999 ua| fr 000 0 dara d | ||
| 020 | _a9772251361 | ||
| 040 |
_aEG-ScBUE _bara _cEG-ScBUE _dEG-ScBUE |
||
| 082 | 0 | 4 |
_a297.272 _bا ل ق _222 |
| 100 | 1 |
_aالقرضاوي، يوسف. _917160 |
|
| 245 | 1 | 0 |
_aالإخوان المسلمون : _b70عاما في الدعوة و التربية و الجهاد بمناسبة مرور سبعين عاما على تأسيس جماعة الإخوان المسلمين و خمسين عاما على استشهاد مؤسس الجماعة حسن البنا / _cيوسف القرضاوي. |
| 260 |
_aالقاهرة : _bمكتبة وهبة، _c1999. |
||
| 300 |
_a363 ص. ؛ _c24 سم. |
||
| 541 |
_aألف باء ؛ _cشراء ؛ |
||
| 650 | 7 |
_aالإخوان المسلمون. _2BUEsh _915845 |
|
| 651 | _2BUEsh | ||
| 653 |
_bARALIT _bBUSBOL |
||
| 942 | _2ddc | ||